El modelo chileno : democracia y desarrollo en los noventa /

Bibliographic Details
Other Authors: Drake, Paul W., 1944-, Jaksic, Ivan, 1954-
Format: Book
Language:Spanish
Published: Santiago : LOM Ediciones, 1999.
Edition:1. ed.
Series:Colección Sin norte.
Subjects:

MARC

Tag First Indicator Second Indicator Subfields
LEADER 00000cam a2200000 a 4500
001 in00002177521
005 20151104061507.0
008 000302s1999 cl a b 100 0 spa c
010 |a  00346750  
020 |a 9562822257 
029 1 |a NLGGC  |b 216998972 
035 |a (OCoLC)ocm43554532 
040 |a IND  |c IND  |d DLC  |d OCLCQ  |d NLGGC  |d TXA  |d UtOrBLW 
042 |a pcc 
043 |a s-cl--- 
049 |a TXAM 
050 0 0 |a HN293.5  |b .M63 1999 
084 |a 15.85  |2 bcl 
245 0 3 |a El modelo chileno :  |b democracia y desarrollo en los noventa /  |c Paul W. Drake, Ivan Jaksic (compiladores). 
250 |a 1. ed. 
264 1 |a Santiago :  |b LOM Ediciones,  |c 1999. 
300 |a 535 pages :  |b illustrations ;  |c 21 cm. 
336 |a text  |b txt  |2 rdacontent 
337 |a unmediated  |b n  |2 rdamedia 
338 |a volume  |b nc  |2 rdacarrier 
490 1 |a Colección Sin norte 
500 |a Papers presented at a conference held Dec. 10-12, 1998, at the University of California, San Diego. 
504 |a Includes bibliographical references. 
651 0 |a Chile  |x Social conditions  |y 1970-  |v Congresses. 
651 0 |a Chile  |x Politics and government  |y 1988-  |v Congresses. 
651 0 |a Chile  |x Economic conditions  |y 1988-  |v Congresses. 
650 0 |a Democracy  |z Chile  |v Congresses. 
651 0 |a Chile  |x Social policy  |v Congresses. 
651 0 |a Chile  |x Economic policy  |v Congresses. 
650 1 7 |a Democratisering.  |2 gtt 
651 7 |a 7.650.  |2 gtt 
700 1 |a Drake, Paul W.,  |d 1944- 
700 1 |a Jaksic, Ivan,  |d 1954- 
830 0 |a Colección Sin norte. 
994 |a C0  |b TXA 
948 |a cataloged  |b h  |c 2006/7/24  |d c  |e aklinger  |f 10:16:51 am 
999 |a MARS 
999 f f |s 4a886b79-a1ef-31f0-aa64-3f3edff8304d  |i 2c2b69c4-a98f-3c15-b586-5e36d60e1e53  |t 0 
952 f f |p ric  |a Texas A&M University  |b Rellis Campus  |c Joint Library Facility  |d Remote Storage  |t 0  |e HN293.5 .M63 1999  |h Library of Congress classification  |i unmediated -- volume  |m A14834591137 
998 f f |a HN293.5 .M63 1999  |t 0  |l Remote Storage